Detalles MARC
| 000 -LÍDER |
| Campo fijo de descripción fija |
01250nam a22003494i 4500 |
| 001 - NÚMERO DE CONTROL |
| Campo de control |
20136022 |
| 003 - IDENTIFICADOR DEL NÚMERO DE CONTROL |
| Campo de control |
FPD |
| 005 - FECHA Y HORA DE LA ULTIMA TRANSACCIÓN |
| control field |
20190222150510.0 |
| 008 - ELEMENTOS DE LONGITUD FIJA -- INFORMACIÓN GENERAL |
| Campo fijo de descripción fija -- Información general |
890807r19891970nyu 000 0 eng |
| 020 ## - NÚMERO INTERNACIONAL NORMALIZADO PARA LIBROS |
| Número Internacional Normalizado del libro |
0060611790 (pbk.) : |
| Términos de disponibilidad |
$7.95 |
| 020 ## - NÚMERO INTERNACIONAL NORMALIZADO PARA LIBROS |
| Número Internacional Normalizado del libro |
9780060611798 |
| 040 ## - FUENTE DE CATALOGACIÓN |
| Agencia de catalogación original |
DLC |
| Agencia que realiza la transcripción |
CO-MdFUSB |
| Agencia que realiza la modificación |
FPD |
| Idioma de catalogación |
spa |
| Convenciones de la descripción |
rda |
| 041 ## - CÓDIGO DE IDIOMA |
| Código de idioma para texto/pista de sonido o título separado |
eng |
| 082 ## - NÚMERO DE CLASIFICACIÓN DECIMAL DEWEY |
| Número de la edición del Dewey |
23 |
| Número de clasificación |
G 248.4 |
| Clave de autor-Numero de item |
B928 |
| 100 1# - ASIENTO PRINCIPAL--NOMBRE PERSONAL |
| Nombre personal |
Buechner, Frederick, |
| Fechas asociadas con el nombre |
1926- |
| Término relacionador |
autor |
| 245 04 - TÍTULO |
| Título del Material |
The alphabet of grace |
| Mención de responsabilidad, etc. |
/ Frederick Buechner. |
| 264 #1 - PRODUCCIÓN, PUBLICACIÓN, DISTRIBUCIÓN, MANUFACTURA, Y COPYRIGHT |
| Lugar de producción, publicación, distribución, manufactura |
New York : |
| Nombre del productor, publicador, distribuidor |
HarperCollins Publishers, |
| Fecha de producción, publicación, distribución, manufactura, o copyright |
℗[1989] |
| 264 #4 - PRODUCCIÓN, PUBLICACIÓN, DISTRIBUCIÓN, MANUFACTURA, Y COPYRIGHT |
| Fecha de producción, publicación, distribución, manufactura, o copyright |
©1970. |
| 300 ## - DESCRIPCIÓN FÍSICA |
| Extensión |
viii, 114 páginas |
| Dimensiones |
: 21 cm. |
| 336 ## - TIPO DE CONTENIDO |
| Fuente |
rdacontent |
| Término de tipo de contenido |
texto |
| Código de tipo de contenido |
txt |
| 337 ## - TIPO DE MEDIO |
| Fuente |
rdamedia |
| Nombre del tipo de medio |
sin mediación |
| Código del tipo de medio |
n |
| 338 ## - TIPO DE SOPORTE |
| Fuente |
rdacarrier |
| Nombre del tipo de soporte |
volumen |
| Código Tipo de soporte |
nc |
| 500 ## - NOTA GENERAL |
| Nota General |
"Originalmente impartido en la Universidad de Harvard como las conferencias de William Belden Noble, 1969" - T.p. verso. |
| 500 ## - NOTA GENERAL |
| Nota General |
Publicado originalmente: Nueva York: Seabury Press, 1970. |
| 504 ## - NOTA DE BIBLIOGRAFÍA, ETC. |
| Nota de bibliografía, etc |
Notas de autor (página 113) |
| 505 ## - NOTA DE CONTENIDO |
| Nota de contenido con formato preestablecido |
I. Guturales (6:45-7:30 a.m.) -- 2. Sibilantes (7:30-8:30 a.m.) - ausencia de vocales (8:30 a.m.-11 p.m.) |
| 563 ## - NOTA DE ENCUADERNACIÓN |
| Nota de encuadernación |
Tapa rústica |
| 650 #0 - ASIENTO SECUNDARIO DE MATERIA - TERMINO TEMÁTICO |
| 9 (RLIN) |
19 |
| Término temático o nombre geográfico como elemento de entrada |
Vida cristiana |
| 942 ## - TIPO DE MATERIAL (KOHA) |
| Tipo de Item KOHA |
Libros General |